Ruža znechutila žabkám život

Podrobná bibliografia
Ďalší autori: Michnica, Jozef (Fotograf)
Médium: Článok
Jazyk:slovenčina
Fyzický popis:Fotogr.
Predmet:

MARC

LEADER 00000nab a2200000 ar4500
001 vtls008953956
003 SK-MaSNL
005 20260303070304.0
008 070309c2007 xo wr|p|||||||000 b|slo
038 |a PPPK 
040 |a PPPKCL  |b slo  |c PPPK  |e AACR2 
041 0 |a slo 
044 |a xo  |c SK 
080 |a 796.323.2.093.1  |2 1997 
245 0 0 |a Ruža znechutila žabkám život  |c [autor] (maj) ; foto Jozef Michnica 
300 |b Fotogr. 
610 2 7 |a ŽBK Whirlpool Poprad  |2 pppkcl  |9 1023824 
648 7 |a 2006  |2 pppkcl  |9 313148 
650 0 7 |a basketbal  |2 pppkcl  |9 3290 
650 0 7 |a extraliga  |2 pppkcl  |9 18992 
650 0 7 |a 13. kolo  |2 pppkcl  |9 1020626 
650 0 7 |a výsledky  |2 pppkcl  |9 493505 
651 7 |a Poprad (Slovensko)  |2 pppkcl  |9 20155 
700 1 |a Michnica, Jozef  |4 pht  |9 6897 
773 0 |t Poprad : noviny občanov mesta  |g Roč. XVII, č. 92 (2006), s. 4 
852 |a PPPK  |b KIS3GCP 
999 |c 1754712  |d 1756642